Biggest European Cities that end in K with a Map - Statistics

General Stats
  • This quiz has been taken 192 times
  • The average score is 14 of 30
Answers on the Map
Answers color-coded by a green-red scale on the quiz's map according to % correct below.
 
Answer Stats
Population City % Correct
2,009,786 Minsk
100%
470,805 Gdańsk
91%
908,456 Donetsk
87%
232,280 Reykjavik
83%
282,851 Murmansk
82%
344,927 Arkhangelsk
70%
216,530 Lübeck
66%
401,297 Luhansk
66%
450,977 Kursk
61%
296,958 Białystok
53%
320,170 Smolensk
53%
399,579 Bryansk
49%
362,949 Vitebsk
49%
503,216 Lipetsk
41%
646,468 Izhevsk
39%
413,251 Magnitogorsk
37%
280,711 Petrozavodsk
35%
625,462 Ulyanovsk
34%
217,315 Lutsk
30%
249,406 Brunswick
28%
237,686 Ivano-Frankivsk
28%
275,795 Novorossiysk
28%
317,432 Saransk
27%
239,054 Nalchik
25%
224,814 Orsk
23%
309,250 Podolsk
22%
219,022 Kremenchuk
20%
227,326 Dzerzhinsk
19%
274,134 Sterlitamak
19%
240,097 Nizhnekamsk
17%
No matching quizzes found
Score Distribution
Percent of People with Each Score
Percentile by Number Answered
Your Score History
You have not taken this quiz